[Event "Miguel Najdorf Memorial 2009"]
[Site "Warsovia POL"]
[Date "2009.07.18"]
[Round "1.1"]
[White "Rozentalis, Eduardas"]
[Black "Macieja, Bartlomiej"]
[Result "1/2-1/2"]
[WhiteElo "2588"]
[BlackElo "2612"]
[PlyCount "58"]
[EventDate "2009.07.18"]
[EventType "tourn"]
[EventRounds "9"]
[EventCountry "POL"]
[Source "lmi"]
[SourceDate "2009.07.18"]

1. e4 c6 2. d4 d5 3. Nc3 dxe4 4. Nxe4 Bf5 5. Ng3 Bg6 6. N1e2 Nf6 7. c3 Nbd7 8.
Nf4 e5 9. dxe5 Nxe5 10. Qe2 Qe7 11. Be3 O-O-O 12. Bd4 Ned7 13. O-O-O Qxe2 14.
Bxe2 Bc5 15. h4 Rhe8 16. h5 Be4 17. Bc4 Bd6 18. Nge2 Nd5 19. Bxd5 Bxd5 20. Bxg7
Bxf4+ 21. Nxf4 Bxa2 22. h6 Nc5 23. b4 Ne4 24. Rxd8+ Rxd8 25. Re1 Nd6 26. Nh5
Re8 27. Be5 Re6 28. Nf6 Ne8 29. Nxh7 Rxh6 1/2-1/2

[Event "Miguel Najdorf Memorial 2009"]
[Site "Warsovia POL"]
[Date "2009.07.18"]
[Round "1.3"]
[White "Sasikiran, Krishnan"]
[Black "Krasenkow, Michal"]
[Result "1/2-1/2"]
[WhiteElo "2669"]
[BlackElo "2631"]
[PlyCount "62"]
[EventDate "2009.07.18"]
[EventType "tourn"]
[EventRounds "9"]
[EventCountry "POL"]
[Source "lmi"]
[SourceDate "2009.07.18"]

1. d4 Nf6 2. c4 g6 3. Nc3 d5 4. Qb3 dxc4 5. Qxc4 Bg7 6. e4 O-O 7. Be2 Na6 8.
Be3 c5 9. dxc5 Ng4 10. Bxg4 Bxg4 11. Nge2 Rc8 12. Qb5 Qd7 13. f3 Qxb5 14. Nxb5
Bd7 15. Nec3 Nxc5 16. Nxa7 Bxc3+ 17. bxc3 Rc7 18. Rb1 Ra8 19. Nb5 Bxb5 20. Rxb5
Rxa2 21. O-O Na4 22. Bf4 Nxc3 23. Bxc7 Nxb5 24. Bd8 Kf8 25. Rb1 Nd6 26. Bc7 Nc4
27. Rxb7 Ne3 28. Rb8+ Kg7 29. Be5+ f6 30. Bb2 e5 31. h4 Nc4 1/2-1/2

[Event "Miguel Najdorf Memorial 2009"]
[Site "Warsovia POL"]
[Date "2009.07.18"]
[Round "1.4"]
[White "Nyback, Tomi"]
[Black "Socko, Bartosz"]
[Result "1/2-1/2"]
[WhiteElo "2627"]
[BlackElo "2656"]
[PlyCount "117"]
[EventDate "2009.07.18"]
[EventType "tourn"]
[EventRounds "9"]
[EventCountry "POL"]
[Source "lmi"]
[SourceDate "2009.07.18"]

1. d4 Nf6 2. c4 g6 3. Nc3 d5 4. cxd5 Nxd5 5. e4 Nxc3 6. bxc3 Bg7 7. Qa4+ Qd7 8.
Qb3 O-O 9. Nf3 c5 10. d5 b6 11. a4 e6 12. Bc4 exd5 13. Bxd5 Ba6 14. Bb2 Nc6 15.
c4 Na5 16. Qc2 Bxb2 17. Qxb2 Nxc4 18. Qc3 Rae8 19. O-O Na5 20. Rfe1 Qe7 21. h4
Bb7 22. h5 gxh5 23. Rad1 Bc8 24. Rd3 Bg4 25. e5 Rd8 26. Nd2 c4 27. e6 f6 28.
Nxc4 Nxc4 29. Bxc4 Kg7 30. Rd4 Rxd4 31. Qxd4 Rc8 32. Bb3 Rc5 33. Kh1 Rc7 34.
Qf4 Rc5 35. Re3 Bf5 36. Re2 Kg6 37. Qg3+ Kh6 38. Rd2 Rc1+ 39. Kh2 Qc7 40. Rd6
Rc3 41. Qf4+ Kg6 42. Bd5 Rd3 43. g3 Rxd5 44. e7 Qxe7 45. Rxd5 Bg4 46. Rd3 Qc5
47. Rd8 Be6 48. Ra8 Qd5 49. Rf8 Bf7 50. Rc8 Be6 51. Rc2 Bh3 52. f3 Bf5 53. Rf2
Bd7 54. Rd2 Qe6 55. Kg2 Bc6 56. Kf2 Qb3 57. Rd6 Qb2+ 58. Kg1 Qc3 59. g4 1/2-1/2

[Event "Miguel Najdorf Memorial 2009"]
[Site "Warsovia POL"]
[Date "2009.07.18"]
[Round "1.5"]
[White "Abasov, Nijat Azad"]
[Black "Aleksandrov, Aleksej"]
[Result "1/2-1/2"]
[WhiteElo "2505"]
[BlackElo "2616"]
[PlyCount "56"]
[EventDate "2009.07.18"]
[EventType "tourn"]
[EventRounds "9"]
[EventCountry "POL"]
[Source "lmi"]
[SourceDate "2009.07.18"]

1. e4 e5 2. Nf3 Nc6 3. Bb5 a6 4. Bxc6 dxc6 5. O-O f6 6. d4 exd4 7. Nxd4 c5 8.
Nb3 Qxd1 9. Rxd1 Bg4 10. f3 Be6 11. Nc3 Bd6 12. Be3 b6 13. Rd2 Ne7 14. Rad1
O-O-O 15. Na4 c4 16. Nxb6+ cxb6 17. Rxd6 cxb3 18. cxb3 Rxd6 19. Rxd6 Bd7 20.
Rxb6 Bb5 21. Bc5 Ng6 22. a4 Bd3 23. Rc6+ Kb7 24. Rd6 Rc8 25. b4 Bc4 26. b3 Bxb3
27. Rb6+ Ka7 28. Rc6+ Kb7 1/2-1/2

[Event "Miguel Najdorf Memorial 2009"]
[Site "Warsovia POL"]
[Date "2009.07.19"]
[Round "2.1"]
[White "Macieja, Bartlomiej"]
[Black "Aleksandrov, Aleksej"]
[Result "1/2-1/2"]
[WhiteElo "2612"]
[BlackElo "2616"]
[PlyCount "119"]
[EventDate "2009.07.18"]
[EventType "tourn"]
[EventRounds "9"]
[EventCountry "POL"]
[Source "lmi"]
[SourceDate "2009.07.18"]

1. e4 e5 2. Nf3 Nc6 3. Bc4 Bc5 4. c3 Nf6 5. d3 a6 6. Bb3 O-O 7. Bg5 h6 8. Bh4
Be7 9. Nbd2 d6 10. Bg3 b5 11. O-O Na5 12. Bc2 Nh5 13. a4 Nxg3 14. hxg3 Bg4 15.
b4 Nb7 16. Ra3 Bd7 17. axb5 axb5 18. Qa1 Qb8 19. Bb3 Rc8 20. Qa2 Nd8 21. Ra1
Rxa3 22. Qxa3 Kf8 23. Nf1 c6 24. Ne3 g6 25. d4 exd4 26. cxd4 Bf6 27. Qa7 Be6
28. Qa2 Bg7 29. Rd1 Qa8 30. Qc2 Kg8 31. Rc1 Bd7 32. Qd2 Qa3 33. Rb1 Qa7 34. Rc1
Qa3 35. Rb1 Qa7 36. Rd1 Ra8 37. Nc2 Qc7 38. Qd3 Be8 39. Ne3 Kh7 40. Rc1 Ra3 41.
Ne1 Qa7 42. N1c2 Ra6 43. Ng4 Qe7 44. Re1 c5 45. bxc5 dxc5 46. dxc5 Nb7 47. Nb4
Ra3 48. Nd5 Qg5 49. Qd1 Kh8 50. f4 Qd8 51. e5 Bc6 52. Nb4 Rxb3 53. Qxb3 Qd2 54.
Nxc6 Qxe1+ 55. Kh2 Nxc5 56. Qxf7 Ne4 57. Ne7 Qxg3+ 58. Kg1 Qe1+ 59. Kh2 Qh4+
60. Kg1 1/2-1/2

[Event "Miguel Najdorf Memorial 2009"]
[Site "Warsovia POL"]
[Date "2009.07.19"]
[Round "2.2"]
[White "Socko, Bartosz"]
[Black "Abasov, Nijat Azad"]
[Result "1-0"]
[WhiteElo "2656"]
[BlackElo "2505"]
[PlyCount "59"]
[EventDate "2009.07.18"]
[EventType "tourn"]
[EventRounds "9"]
[EventCountry "POL"]
[Source "lmi"]
[SourceDate "2009.07.18"]

1. d4 Nf6 2. c4 e6 3. Nf3 b6 4. g3 Bb7 5. Bg2 Be7 6. O-O O-O 7. Re1 c5 8. d5
exd5 9. Nh4 Ne4 10. cxd5 Bxh4 11. Bxe4 Bf6 12. Nc3 d6 13. Bf4 Qd7 14. Qc2 g6
15. Bg2 Na6 16. Ne4 Be7 17. Bh6 Rfe8 18. Qc3 f6 19. Qxf6 Bf8 20. Qh4 Be7 21.
Qf6 Bf8 22. Bxf8 Rxf8 23. Qxd6 Qg7 24. Ng5 Nb4 25. Ne6 Qf6 26. Qf4 Qxf4 27.
gxf4 Rf6 28. Red1 Bxd5 29. Rxd5 Rxe6 30. Rd2 1-0

[Event "Miguel Najdorf Memorial 2009"]
[Site "Warsovia POL"]
[Date "2009.07.19"]
[Round "2.5"]
[White "Rozentalis, Eduardas"]
[Black "Olszewski, Michal"]
[Result "1-0"]
[WhiteElo "2588"]
[BlackElo "2559"]
[PlyCount "71"]
[EventDate "2009.07.18"]
[EventType "tourn"]
[EventRounds "9"]
[EventCountry "POL"]
[Source "lmi"]
[SourceDate "2009.07.18"]

1. e4 e5 2. Nf3 Nc6 3. Nc3 Nf6 4. Bb5 Bd6 5. d3 h6 6. Ne2 O-O 7. Ng3 Re8 8. O-O
a6 9. Bxc6 dxc6 10. h3 Nd7 11. Nh2 Nc5 12. Ng4 Ne6 13. Nf5 h5 14. Nxd6 cxd6 15.
Nh2 g6 16. c3 Qf6 17. Be3 Nf4 18. Qf3 Kg7 19. Kh1 Rh8 20. Bxf4 exf4 21. d4 g5
22. Rfe1 Be6 23. e5 Qf5 24. Qe4 Qxe4 25. Rxe4 Rae8 26. exd6 Bd5 27. Rxe8 Rxe8
28. b3 b5 29. Rc1 Rb8 30. Kg1 Kf6 31. c4 bxc4 32. bxc4 Be4 33. Nf3 Bxf3 34.
gxf3 Rb2 35. Re1 Rb8 36. c5 1-0

[Event "Miguel Najdorf Memorial 2009"]
[Site "Warsovia POL"]
[Date "2009.07.20"]
[Round "3.1"]
[White "Olszewski, Michal"]
[Black "Macieja, Bartlomiej"]
[Result "1/2-1/2"]
[WhiteElo "2559"]
[BlackElo "2612"]
[PlyCount "64"]
[EventDate "2009.07.18"]
[EventType "tourn"]
[EventRounds "9"]
[EventCountry "POL"]
[Source "lmi"]
[SourceDate "2009.07.18"]

1. d4 Nf6 2. c4 e6 3. Nc3 Bb4 4. Qc2 d5 5. a3 Bxc3+ 6. Qxc3 dxc4 7. Qxc4 b6 8.
Nf3 O-O 9. g3 Bb7 10. Bg2 Bd5 11. Qa4 Nbd7 12. O-O c5 13. Bf4 Qc8 14. dxc5 Nxc5
15. Qb4 Qb7 16. Rad1 Rfc8 17. Be3 Be4 18. Bg5 Nd5 19. Qd4 Bc2 20. Rde1 h6 21.
Bc1 Nb3 22. Qh4 Qe7 23. Qxe7 Nxe7 24. Nd2 Nd5 25. Nxb3 Bxb3 26. f4 Rc7 27. Rf3
Ba2 28. Rd3 Rac8 29. Bd2 Rc2 30. e4 Nc7 31. Rc1 Rxc1+ 32. Bxc1 Na6 1/2-1/2

[Event "Miguel Najdorf Memorial 2009"]
[Site "Warsovia POL"]
[Date "2009.07.20"]
[Round "3.2"]
[White "Sasikiran, Krishnan"]
[Black "Rozentalis, Eduardas"]
[Result "1/2-1/2"]
[WhiteElo "2669"]
[BlackElo "2588"]
[PlyCount "101"]
[EventDate "2009.07.18"]
[EventType "tourn"]
[EventRounds "9"]
[EventCountry "POL"]
[Source "lmi"]
[SourceDate "2009.07.18"]

1. d4 Nf6 2. c4 e6 3. Nf3 b6 4. g3 Bb7 5. Bg2 Be7 6. O-O O-O 7. Re1 Na6 8. Ne5
d5 9. cxd5 exd5 10. Nc3 c5 11. Bf4 Re8 12. e3 Nc7 13. dxc5 Bxc5 14. Nd3 Ne6 15.
Qa4 Ne4 16. Rad1 Nxc3 17. bxc3 Qe7 18. Be5 Ng5 19. Bd4 Ne4 20. Bxc5 Nxc5 21.
Nxc5 Qxc5 22. Qb3 Rac8 23. Rd3 g6 24. Rc1 Re5 25. Rd4 Qe7 26. Qb2 Rc5 27. Qd2
Qc7 28. h4 h5 29. Kh2 Re8 30. Bxd5 Rxd5 31. Rxd5 Bxd5 32. Qxd5 Rd8 33. Qe4 Rd2
34. Rc2 Qd7 35. c4 Qd3 36. Qxd3 Rxd3 37. Kg2 Ra3 38. Kf3 Kf8 39. Ke4 Ke7 40.
Kd5 Kd7 41. Rd2 Ke7 42. Kc6 Ra5 43. Kb7 Ra4 44. f3 f5 45. Ka8 Ke6 46. Kb8 Ke7
47. Kb7 Ke6 48. Kb8 Ke7 49. Ka8 Ke6 50. Kb7 Ke7 51. Kb8 1/2-1/2

[Event "Miguel Najdorf Memorial 2009"]
[Site "Warsovia POL"]
[Date "2009.07.20"]
[Round "3.3"]
[White "Nyback, Tomi"]
[Black "Wojtaszek, Radoslaw"]
[Result "1/2-1/2"]
[WhiteElo "2627"]
[BlackElo "2637"]
[PlyCount "105"]
[EventDate "2009.07.18"]
[EventType "tourn"]
[EventRounds "9"]
[EventCountry "POL"]
[Source "lmi"]
[SourceDate "2009.07.18"]

1. d4 Nf6 2. c4 e6 3. Nf3 b6 4. g3 Ba6 5. Qc2 Bb7 6. Bg2 c5 7. d5 exd5 8. cxd5
Nxd5 9. O-O Be7 10. Rd1 Nc6 11. Qa4 Nf6 12. Nh4 g6 13. Bh6 Bf8 14. Bxf8 Kxf8
15. Nc3 Kg7 16. Qf4 Qe7 17. Qg5 Qe6 18. Nd5 Nxd5 19. Rxd5 h6 20. Qd2 Rad8 21.
Rd1 Ba8 22. Rd6 Qe7 23. Nxg6 fxg6 24. Rxd7 Rxd7 25. Qxd7 Re8 26. Bxc6 Bxc6 27.
Qxc6 Qxe2 28. Rd6 Qe1+ 29. Kg2 Qe4+ 30. Qxe4 Rxe4 31. Rd7+ Kf6 32. Rxa7 Rb4 33.
b3 c4 34. bxc4 Rxc4 35. Ra6 Rb4 36. Kf3 h5 37. a3 Rb2 38. Ke4 Re2+ 39. Kf3 Rb2
40. Ra4 Ra2 41. Ke3 b5 42. Ra6+ Kg7 43. Ra5 Rb2 44. Ra7+ Kf6 45. Ra6+ Kg7 46.
h3 b4 47. a4 b3 48. g4 hxg4 49. hxg4 Ra2 50. g5 b2 51. Ra7+ Kg8 52. Rb7 Ra3+
53. Kf4 1/2-1/2

[Event "Miguel Najdorf Memorial 2009"]
[Site "Warsovia POL"]
[Date "2009.07.20"]
[Round "3.4"]
[White "Abasov, Nijat Azad"]
[Black "Krasenkow, Michal"]
[Result "1/2-1/2"]
[WhiteElo "2505"]
[BlackElo "2631"]
[PlyCount "94"]
[EventDate "2009.07.18"]
[EventType "tourn"]
[EventRounds "9"]
[EventCountry "POL"]
[Source "lmi"]
[SourceDate "2009.07.18"]

1. e4 g6 2. d4 Bg7 3. Nf3 d6 4. Be2 Nf6 5. Nc3 O-O 6. O-O c6 7. h3 b5 8. e5 Ne8
9. Bf4 Nd7 10. exd6 Nxd6 11. d5 b4 12. dxc6 bxc3 13. cxd7 Bxd7 14. bxc3 Bxc3
15. Rb1 Qa5 16. Bg5 Rfe8 17. Bxe7 Rxe7 18. Qxd6 Rxe2 19. Qxd7 Rd8 20. Qc6 Rxc2
21. Rb3 Qd5 22. Qxd5 Rxd5 23. Rb8+ Kg7 24. Rc8 a5 25. a4 Kf6 26. h4 h6 27. Rc7
Ke6 28. g3 f6 29. Kg2 g5 30. hxg5 hxg5 31. g4 Kd6 32. Rc8 Kd7 33. Rc4 Rd6 34.
Rh1 Rc6 35. Rd1+ Kc7 36. Re4 Rb2 37. Nd4 Bxd4 38. Rexd4 Rb4 39. Kf3 Rc3+ 40.
Ke4 Kc6 41. f4 gxf4 42. Kxf4 Kc5 43. Rxb4 axb4 44. Kf5 Rf3+ 45. Ke4 Rf2 46.
Rc1+ Kb6 47. Rc8 Ka5 1/2-1/2

[Event "Miguel Najdorf Memorial 2009"]
[Site "Warsovia POL"]
[Date "2009.07.20"]
[Round "3.5"]
[White "Aleksandrov, Aleksej"]
[Black "Socko, Bartosz"]
[Result "1/2-1/2"]
[WhiteElo "2616"]
[BlackElo "2656"]
[PlyCount "53"]
[EventDate "2009.07.18"]
[EventType "tourn"]
[EventRounds "9"]
[EventCountry "POL"]
[Source "lmi"]
[SourceDate "2009.07.18"]

1. d4 Nf6 2. c4 e6 3. Nc3 Bb4 4. e3 O-O 5. Nge2 d5 6. cxd5 Nxd5 7. Bd2 b6 8.
Nxd5 Bxd2+ 9. Qxd2 Qxd5 10. Rc1 Ba6 11. a3 Qb7 12. f3 Nd7 13. b4 Rfd8 14. Qb2
Bb5 15. Kf2 a5 16. Nc3 Bxf1 17. Rhxf1 axb4 18. axb4 e5 19. Rfd1 exd4 20. Rxd4
c5 21. Rd5 cxb4 22. Qxb4 Nf6 23. Rxd8+ Rxd8 24. Rb1 Rb8 25. Qd6 Ne8 26. Qe5 Qc7
27. Qxc7 1/2-1/2

[Event "Miguel Najdorf Memorial 2009"]
[Site "Warsovia POL"]
[Date "2009.07.21"]
[Round "4.1"]
[White "Macieja, Bartlomiej"]
[Black "Socko, Bartosz"]
[Result "1/2-1/2"]
[WhiteElo "2612"]
[BlackElo "2656"]
[PlyCount "67"]
[EventDate "2009.07.18"]
[EventType "tourn"]
[EventRounds "9"]
[EventCountry "POL"]
[Source "lmi"]
[SourceDate "2009.07.18"]

1. e4 e6 2. d4 d5 3. Nc3 Bb4 4. e5 c5 5. a3 Bxc3+ 6. bxc3 Ne7 7. Qg4 Kf8 8. h4
Qc7 9. Ra2 Nbc6 10. h5 h6 11. Rh3 Qa5 12. Kd1 cxd4 13. cxd4 Qa4 14. Nf3 b6 15.
Qf4 Ba6 16. Bxa6 Qxa6 17. Nd2 Qa4 18. Rf3 Ke8 19. Nb3 Kd7 20. Qxf7 Rhf8 21.
Qxf8 Rxf8 22. Rxf8 Qc4 23. Be3 Nf5 24. Kd2 Ncxd4 25. Bxd4 Nxd4 26. Nc1 Ne2 27.
Nxe2 Qxa2 28. Rf7+ Ke8 29. Rxa7 Qa1 30. f4 Kf8 31. Ra8+ Kf7 32. Ra7+ Kf8 33.
Ra8+ Kf7 34. Ra7+ 1/2-1/2

[Event "Miguel Najdorf Memorial 2009"]
[Site "Warsovia POL"]
[Date "2009.07.21"]
[Round "4.4"]
[White "Rozentalis, Eduardas"]
[Black "Nyback, Tomi"]
[Result "1/2-1/2"]
[WhiteElo "2588"]
[BlackElo "2627"]
[PlyCount "37"]
[EventDate "2009.07.18"]
[EventType "tourn"]
[EventRounds "9"]
[EventCountry "POL"]
[Source "lmi"]
[SourceDate "2009.07.18"]

1. e4 e5 2. Nf3 Nc6 3. Nc3 Nf6 4. Bb5 Bb4 5. O-O O-O 6. d3 Bxc3 7. bxc3 d6 8.
h3 Ne7 9. Re1 Bd7 10. Bc4 Ng6 11. Bb3 h6 12. Nh2 Re8 13. Nf1 Be6 14. Ne3 d5 15.
exd5 Nxd5 16. Nxd5 Bxd5 17. Qg4 c6 18. Qg3 Qh4 19. Qxh4 1/2-1/2

[Event "Miguel Najdorf Memorial 2009"]
[Site "Warsovia POL"]
[Date "2009.07.21"]
[Round "4.5"]
[White "Olszewski, Michal"]
[Black "Sasikiran, Krishnan"]
[Result "0-1"]
[WhiteElo "2559"]
[BlackElo "2669"]
[PlyCount "106"]
[EventDate "2009.07.18"]
[EventType "tourn"]
[EventRounds "9"]
[EventCountry "POL"]
[Source "lmi"]
[SourceDate "2009.07.18"]

1. d4 Nf6 2. c4 g6 3. Nc3 d5 4. Bf4 Bg7 5. e3 c5 6. dxc5 Qa5 7. Rc1 dxc4 8.
Bxc4 O-O 9. Nge2 Qxc5 10. Qb3 Nc6 11. Nb5 Qh5 12. Ng3 Qh4 13. Nc7 e5 14. Bg5
Qxg5 15. h4 Qg4 16. Nxa8 Qd7 17. Rd1 Qe7 18. Qa3 Nb4 19. O-O b5 20. Be2 Bb7 21.
Nc7 a6 22. Rc1 Rc8 23. Qb3 e4 24. a3 Nc6 25. Rxc6 Bxc6 26. Nxa6 Bf8 27. Rd1 Qe5
28. Rd2 h5 29. Nb4 Bb7 30. Rc2 Bc5 31. Bxb5 Ng4 32. Nf1 Bxb4 33. Rxc8+ Bxc8 34.
Qxb4 Qf5 35. f3 exf3 36. gxf3 Ne5 37. f4 Qg4+ 38. Kf2 Qxh4+ 39. Ke2 Bg4+ 40.
Kd2 Qd8+ 41. Kc3 Qc7+ 42. Kd4 Nf3+ 43. Kd5 Be6+ 44. Ke4 Ne1 45. Qxe1 Qb7+ 46.
Kd4 Qxb5 47. Qc1 Qd5+ 48. Kc3 h4 49. b4 h3 50. Qb1 Bf5 51. Qc1 Qd3+ 52. Kb2 Be6
53. Qa1 Bc4 0-1

[Event "Miguel Najdorf Memorial 2009"]
[Site "Warsovia POL"]
[Date "2009.07.22"]
[Round "5.3"]
[White "Abasov, Nijat Azad"]
[Black "Rozentalis, Eduardas"]
[Result "1/2-1/2"]
[WhiteElo "2505"]
[BlackElo "2588"]
[PlyCount "85"]
[EventDate "2009.07.18"]
[EventType "tourn"]
[EventRounds "9"]
[EventCountry "POL"]
[Source "lmi"]
[SourceDate "2009.07.18"]

1. c4 e6 2. d4 Nf6 3. Nf3 Nc6 4. g3 Bb4+ 5. Bd2 Bxd2+ 6. Nbxd2 d6 7. Bg2 e5 8.
e3 exd4 9. Nxd4 Nxd4 10. exd4 Bg4 11. f3 Bd7 12. Qe2+ Qe7 13. Qxe7+ Kxe7 14.
Kf2 Rhe8 15. Ne4 Nxe4+ 16. fxe4 c5 17. Rad1 Be6 18. b3 cxd4 19. Rxd4 a5 20.
Rhd1 Ra6 21. h4 Rb6 22. R1d3 Rc8 23. Bf3 a4 24. Bd1 axb3 25. axb3 Ra8 26. Rd2
Ra3 27. g4 h6 28. R4d3 Rba6 29. Ke3 Ra2 30. Kd4 R6a5 31. Kc3 Rxd2 32. Rxd2 Bd7
33. Rd5 Ra2 34. e5 dxe5 35. Rxe5+ Kd6 36. Rd5+ Kc7 37. Rc5+ Kd6 38. Rd5+ Kc7
39. Re5 Kd6 40. Re4 g5 41. hxg5 hxg5 42. b4 b6 43. Rd4+ 1/2-1/2

[Event "Miguel Najdorf Memorial 2009"]
[Site "Warsovia POL"]
[Date "2009.07.22"]
[Round "5.5"]
[White "Socko, Bartosz"]
[Black "Krasenkow, Michal"]
[Result "0-1"]
[WhiteElo "2656"]
[BlackElo "2631"]
[PlyCount "68"]
[EventDate "2009.07.18"]
[EventType "tourn"]
[EventRounds "9"]
[EventCountry "POL"]
[Source "lmi"]
[SourceDate "2009.07.18"]

1. e4 g6 2. d4 Bg7 3. c4 d6 4. Nc3 e5 5. Nf3 Bg4 6. d5 Nd7 7. h3 Bxf3 8. Qxf3
h5 9. Bd3 Bh6 10. O-O a5 11. Bc2 c6 12. dxc6 bxc6 13. Bxh6 Nxh6 14. Ba4 Rc8 15.
Rad1 Nc5 16. Rd2 f6 17. Qd1 Nf7 18. f4 exf4 19. Rxf4 O-O 20. Kh1 Kg7 21. Bc2
Qe7 22. Rf1 Qe5 23. Qf3 Rb8 24. b3 Ng5 25. Qe3 Nge6 26. Nd1 a4 27. bxa4 Rb4 28.
Re1 Rxc4 29. a5 Ra8 30. Qa3 Ng5 31. Ne3 Ngxe4 32. Nxc4 Nf2+ 33. Kg1 Qxe1+ 34.
Kh2 Qh1+ 0-1

[Event "Miguel Najdorf Memorial 2009"]
[Site "Warsovia POL"]
[Date "2009.07.23"]
[Round "6.1"]
[White "Macieja, Bartlomiej"]
[Black "Krasenkow, Michal"]
[Result "1/2-1/2"]
[WhiteElo "2612"]
[BlackElo "2631"]
[PlyCount "79"]
[EventDate "2009.07.18"]
[EventType "tourn"]
[EventRounds "9"]
[EventCountry "POL"]
[Source "lmi"]
[SourceDate "2009.07.18"]

1. e4 c5 2. Nf3 Nc6 3. Bb5 e6 4. O-O Nge7 5. c3 a6 6. Ba4 c4 7. d4 cxd3 8. Bf4
Ng6 9. Bg3 b5 10. Bb3 Na5 11. Qxd3 Nxb3 12. axb3 Bb7 13. b4 Be7 14. Nbd2 O-O
15. Nd4 h5 16. h3 h4 17. Bh2 e5 18. Nf5 d5 19. exd5 Bxd5 20. Nxe7+ Nxe7 21.
Bxe5 Bxg2 22. Qxd8 Rfxd8 23. Kxg2 Rxd2 24. b3 Nd5 25. Rfc1 f6 26. Bd4 Rd3 27.
Kh2 Nf4 28. Be3 Ne2 29. Rd1 Rxd1 30. Rxd1 Nxc3 31. Rd6 Kf7 32. Kg2 Kg6 33. Kf3
a5 34. bxa5 Rxa5 35. Bc5 Ra2 36. b4 Kf5 37. Bd4 Ra3 38. Bxc3 Rxc3+ 39. Kg2 g5
40. Rb6 1/2-1/2

[Event "Miguel Najdorf Memorial 2009"]
[Site "Warsovia POL"]
[Date "2009.07.23"]
[Round "6.2"]
[White "Wojtaszek, Radoslaw"]
[Black "Socko, Bartosz"]
[Result "1-0"]
[WhiteElo "2637"]
[BlackElo "2656"]
[PlyCount "69"]
[EventDate "2009.07.18"]
[EventType "tourn"]
[EventRounds "9"]
[EventCountry "POL"]
[Source "lmi"]
[SourceDate "2009.07.18"]

1. d4 d5 2. c4 dxc4 3. e4 Nf6 4. e5 Nd5 5. Bxc4 Nb6 6. Bd3 Nc6 7. Ne2 Bg4 8. f3
Bh5 9. Nbc3 e6 10. Be4 Bg6 11. O-O Be7 12. Be3 O-O 13. Bf2 Qd7 14. Nf4 Rad8 15.
Nce2 Bxe4 16. fxe4 Bg5 17. Nh3 Bh6 18. Qb3 Kh8 19. Rad1 Qe7 20. Nhf4 Rd7 21.
Nd3 Rdd8 22. d5 Na5 23. Qc3 Nac4 24. Nef4 exd5 25. Bc5 Qe8 26. Bxf8 Ne3 27.
Qxc7 Nxf1 28. e6 Ne3 29. exf7 Qd7 30. Qxd7 Nxd7 31. Be7 Ra8 32. Re1 dxe4 33.
Rxe3 exd3 34. Rxd3 Ne5 35. f8=Q+ 1-0

[Event "Miguel Najdorf Memorial 2009"]
[Site "Warsovia POL"]
[Date "2009.07.23"]
[Round "6.3"]
[White "Rozentalis, Eduardas"]
[Black "Aleksandrov, Aleksej"]
[Result "1/2-1/2"]
[WhiteElo "2588"]
[BlackElo "2616"]
[PlyCount "207"]
[EventDate "2009.07.18"]
[EventType "tourn"]
[EventRounds "9"]
[EventCountry "POL"]
[Source "lmi"]
[SourceDate "2009.07.18"]

1. e4 e5 2. Nf3 Nc6 3. Bb5 Nf6 4. O-O Nxe4 5. Re1 Nd6 6. Nxe5 Be7 7. Bf1 O-O 8.
d4 Nf5 9. d5 Nxe5 10. Rxe5 d6 11. Re1 Bd7 12. Nc3 Bg5 13. Ne4 Bxc1 14. Rxc1 Re8
15. Qd2 Nh4 16. c4 b6 17. b4 Re5 18. f4 Re7 19. Qf2 Nf5 20. c5 dxc5 21. bxc5
bxc5 22. Nxc5 Be8 23. Re5 Rxe5 24. fxe5 Ne7 25. d6 cxd6 26. Nb7 Qb6 27. Qxb6
axb6 28. exd6 Nd5 29. a4 Kf8 30. a5 bxa5 31. Rc5 Nf6 32. Rxa5 Rxa5 33. Nxa5 Ne4
34. Nc4 Bb5 35. Bd3 Nc5 36. Bf1 f6 37. Kf2 Ne4+ 38. Ke3 Bxc4 39. d7 Ke7 40.
Bxc4 Nc5 41. h4 Nxd7 42. Bd3 Nf8 43. h5 Ke6 44. Kf4 g5+ 45. hxg6 hxg6 46. Bc4+
Ke7 47. Bd3 Ne6+ 48. Kg4 Nf8 49. Kf4 Kf7 50. Bc4+ Kg7 51. g3 Nd7 52. Bb5 Ne5
53. Ba6 Kf8 54. Bb7 Ke7 55. Be4 Ke6 56. Bc2 g5+ 57. Ke4 f5+ 58. Ke3 Ng4+ 59.
Kf3 Ke5 60. Bd3 Nf6 61. Ba6 Ne4 62. Bc8 Nc5 63. Ke3 Na4 64. Kf3 Nb6 65. Bb7 Nd5
66. Bc8 Ne7 67. Bd7 Ng8 68. Bc8 Nf6 69. Ke3 Ne4 70. Kf3 Nd6 71. Bd7 Kf6 72. Ba4
Ke6 73. Bb3+ Ke5 74. Ba4 g4+ 75. Kf2 Ne4+ 76. Kg2 Nc5 77. Bc2 Kf6 78. Kf1 Ke6
79. Kf2 Ne4+ 80. Kg2 Kd5 81. Bb3+ Kd6 82. Bc2 Ke5 83. Ba4 Nc3 84. Bc2 Nd5 85.
Kf2 Nb4 86. Ba4 Nd3+ 87. Kg2 Kd4 88. Bd7 Ke4 89. Bc6+ Ke5 90. Ba4 Nb2 91. Bb5
Nd1 92. Bd3 Kd4 93. Be2 Ne3+ 94. Kf2 Nc4 95. Bxc4 Kxc4 96. Ke3 Kd5 97. Kd3 Kc5
98. Ke3 Kd6 99. Kd2 Ke7 100. Ke3 Kf6 101. Kf2 Ke6 102. Ke2 Kd7 103. Kd3 Kd6
104. Kd2 1/2-1/2

[Event "Miguel Najdorf Memorial 2009"]
[Site "Warsovia POL"]
[Date "2009.07.23"]
[Round "6.4"]
[White "Olszewski, Michal"]
[Black "Abasov, Nijat Azad"]
[Result "1-0"]
[WhiteElo "2559"]
[BlackElo "2505"]
[PlyCount "141"]
[EventDate "2009.07.18"]
[EventType "tourn"]
[EventRounds "9"]
[EventCountry "POL"]
[Source "lmi"]
[SourceDate "2009.07.18"]

1. d4 Nf6 2. c4 e6 3. Nf3 b6 4. a3 Bb7 5. Nc3 d5 6. Bg5 Be7 7. Bxf6 Bxf6 8.
cxd5 exd5 9. Qa4+ Nd7 10. g3 a6 11. Rd1 O-O 12. Bh3 b5 13. Qc2 Nb6 14. O-O Qd6
15. Na2 Rfe8 16. Nc1 a5 17. Nd3 a4 18. Nfe5 Re7 19. Bg2 Rae8 20. e3 Bxe5 21.
dxe5 Qg6 22. Qe2 Nc4 23. Nf4 Qb6 24. Nxd5 Bxd5 25. Rxd5 c6 26. Rd4 Rxe5 27.
Rfd1 g6 28. Qc2 R5e6 29. Bh3 Rf6 30. Qc3 c5 31. Rd5 Rd6 32. Bf1 Rxd5 33. Rxd5
Rc8 34. Bxc4 bxc4 35. Qxc4 Qxb2 36. Rxc5 Rxc5 37. Qxc5 Qb3 38. Qd6 h5 39. Kf1
Qb1+ 40. Ke2 Qc2+ 41. Qd2 Qb3 42. Qd3 Qb2+ 43. Kf3 Qb3 44. Qd8+ Kg7 45. Qd4+
Kg8 46. Qc5 Qd1+ 47. Kg2 Qd3 48. Qe7 Qb3 49. h3 Qd5+ 50. e4 Qd1 51. Qf6 Qd3 52.
Qf3 Qb3 53. g4 hxg4 54. hxg4 Kf8 55. e5 Qc4 56. Kg3 Qb3 57. Qe3 Ke7 58. Kf4
Qc4+ 59. Kg5 Qd5 60. f4 Kf8 61. Qb6 Kg7 62. Qf6+ Kg8 63. Qd6 Qh1 64. e6 Kg7 65.
Qe5+ Kh7 66. Kf6 Qb7 67. e7 Qc6+ 68. Kxf7 Qc4+ 69. Kf6 Qc6+ 70. Kg5 Qe8 71. f5
1-0

[Event "Miguel Najdorf Memorial 2009"]
[Site "Warsovia POL"]
[Date "2009.07.24"]
[Round "7.1"]
[White "Nyback, Tomi"]
[Black "Macieja, Bartlomiej"]
[Result "0-1"]
[WhiteElo "2627"]
[BlackElo "2612"]
[PlyCount "68"]
[EventDate "2009.07.18"]
[EventType "tourn"]
[EventRounds "9"]
[EventCountry "POL"]
[Source "lmi"]
[SourceDate "2009.07.18"]

1. d4 Nf6 2. c4 e6 3. Nc3 Bb4 4. f3 d5 5. a3 Bxc3+ 6. bxc3 c5 7. cxd5 Nxd5 8.
dxc5 Qa5 9. e4 Nf6 10. Be3 O-O 11. Qb3 Qc7 12. a4 Nfd7 13. a5 Nxc5 14. Qa3 Nba6
15. Bc4 Bd7 16. Ne2 Rfc8 17. Nd4 Na4 18. Bb5 Nxc3 19. Bxa6 bxa6 20. Rc1 Qc4 21.
Kd2 Nb5 22. Qb2 Nd6 23. Qa3 e5 24. Qxd6 Qa2+ 25. Ke1 Rxc1+ 26. Bxc1 Qxg2 27.
Rf1 Bh3 28. Rf2 Qg1+ 29. Ke2 Qxc1 30. Nc6 h6 31. Qd5 Kh7 32. Nb4 Rc8 33. Qxe5
Qc4+ 34. Nd3 Rd8 0-1